000 01721cam a22003975i 4500
999 _c26972
_d26944
001 14011828
003 EG-ScBUE
005 20201101113200.0
008 050622s2006 pau frb 001 0 eng d
020 _a1592134513 (pbk. : alk. paper)
020 _a9781592134519 (pbk. : alk. paper)
035 _a(OCoLC)ocm60835565
040 _aDLC
_beng
_erda
_cDLC
_dYDX
_dBAKER
_dVVC
_dIXA
_dUKM
_dDLC
_dEG-ScBUE
_dEG-ScBUE
082 0 4 _a810.9895
_bTRA
_222
245 0 0 _aTransnational Asian American literature :
_bsites and transits /
_cedited by Shirley Geok-lin Lim [and three other].
264 1 _aPhiladelphia, PA :
_bTemple University Press,
_c2006.
300 _aviii, 306 pages ;
_c23 cm
336 _atext
_btxt
_2rdacontent
337 _aunmediated
_bn
_2rdamedia
338 _avolume
_bnc
_2rdacarrier
504 _aIncludes bibliographical references and index.
520 _aExamines the diasporic and transnational aspects of Asian-American literature and engages works of prose and poetry as aesthetic articulations of the fluid transnational identities formed by Asian-American writers.
650 7 _aAmerican literature
_xAsian American authors
_xHistory and criticism.
_2BUEsh
650 7 _aEmigration and immigration in literature.
_2BUEsh
650 7 _aAsian Americans
_xIntellectual life.
_2BUEsh
_935848
650 7 _aAsian Americans in literature.
_2BUEsh
_935848
650 7 _aImmigrants in literature.
_2BUEsh
651 _2BUEsh
653 _bHHUUEENN
_cNovember2018
_cDecember2018
655 _vReading book
_934232
700 1 _aLim, Shirley,
_eeditor.
700 1 _aGamber, John Blair,
_eeditor.
700 1 _aSohn, Stephen Hong,
_eeditor.
700 1 _aValentino, Gina,
_eeditor.
942 _2ddc
_cBB